000 00543nam a2200229Ia 4500
008 210210b2015 xxu||||| |||| 00| 0 eng d
020 _a9781138832008
041 _aeng
082 _a371.102 WHIM
100 _aWHITAKER (Todd)
245 _aWhat connected educators do differently
260 _aNew York
_bRoutledge
_c2015
300 _axxxi,139
650 _aWhat
650 _aeducators
650 _ado
650 _adifferently
650 _aconnected
690 _aEducation
700 _aZOUL (Jeffrey)
906 _a074474
999 _c127303
_d127303